| 000 | 00944nam a2200253 a 4500 | ||
|---|---|---|---|
| 005 | 20210223121933.0 | ||
| 008 | 991125m19592001mx 000 0 spa u | ||
| 020 | _a9681604687 (10 dígitos) | ||
| 020 | _a9789681604684(13 dígitos) | ||
| 035 | _aUPN01000026491 | ||
| 049 | _aCG | ||
| 050 | 4 |
_aLA11 _bG7.68 |
|
| 245 | 0 | 4 |
_aLos grandes pedagogos / _cdir. Jean Chateau ; tr. Ernestina de Champourcín. |
| 260 |
_aMéxico : _bFCE, _c1959 (2001 impr.). |
||
| 300 | _a340 p. | ||
| 440 | 0 | _aSociología | |
| 505 | 8 | _aContenido: Platón, Vives, los Jesuitas, Comenio, Locke, Rollin, Rousseau, Pestalozzi, Humboldt, Kerschensteiner, Decroly, Claparede, Dewey, Montessori, Alain | |
| 534 |
_pTítulo original: _tLes grands pédagogues |
||
| 590 | _a(También localizas un ejemplar en el "Area de Reserva") | ||
| 590 | _aBibliografía Básica (BGTQ), 2010 | ||
| 650 | 4 | _aEDUCADORES | |
| 700 | 1 |
_aChateau, Jean, _edir. _933827 |
|
| 905 | _aLibro | ||
| 999 |
_c26491 _d26491 |
||